| 000 | 00850nam a2200241 i 4500 | ||
|---|---|---|---|
| 001 | 146977 | ||
| 003 | ES-MaACL | ||
| 005 | 20230906201744.0 | ||
| 007 | t| | ||
| 008 | 070920s1979 sp |||| | spa d | ||
| 080 | _a33(04) | ||
| 080 | _a35(04) | ||
| 100 | 1 |
_aTullock, Gordon. _9111670 |
|
| 245 | 1 | 4 |
_aLos motivos del voto _b: (un ensayo de economía política) / _cGordon Tullock ; con un comentario de Morris Perlman... ; prólogo... de José Antonio Aguirre ; [traducción por María Jesús Blanco]. |
| 260 |
_aMadrid : _bEspasa-Calpe, _c1979. |
||
| 300 |
_a128 p. ; _c17 cm. |
||
| 650 | 1 | 4 |
_aPolítica económica. _916293 |
| 650 | 1 | 4 |
_aSociología electoral. _9168382 |
| 700 | 1 |
_aPerlman, Morris. _991290 |
|
| 700 | 1 |
_aAguirre Rodríguez, José Antonio. _918888 |
|
| 700 | 1 |
_aBlanco, María Jesús. _929197 |
|
| 852 |
_aES-MaACL _jL-3039 |
||
| 999 |
_c146977 _d146977 |
||